[Event "LSS OP-2009-0-01013"]
[Site "LSS email"]
[Date "2009.12.04"]
[Round "?"]
[White "Ogilski, Krzysztof"]
[Black "Hernandez Sanchez, Agustin Hector"]
[Result "1-0"]
[WhiteElo "1892"]
[BlackElo "784"]
[PlyCount "51"]
[EventDate "2009.12.01"]
[EventType "tourn (corr)"]
[EventRounds "4"]
[EventCountry "GER"]
[SourceTitle "Telechess CBM 137"]
[Source "ChessBase"]
[SourceDate "2010.07.15"]
[SourceVersion "1"]
[SourceVersionDate "2010.07.15"]
[SourceQuality "1"]

1. e4 c6 2. d4 d5 3. Nc3 e6 4. Nf3 dxe4 5. Nxe4 Nf6 6. Nxf6+ Qxf6 7. Be3 Bd6 8. Be2 0-0 9. Qd2 b5 10. 0-0 Bb7 11. c3 Nd7 12. a4 a6 13. axb5 axb5 14. b4 h6 15. Ra2 Qe7 16. Rfa1 Nf6 17. Rxa8 Bxa8 18. Bd3 e5 19. dxe5 Bxe5 20. Nxe5 Qxe5 21. Re1 Ne4 22. Bxe4 f5 23. Bc2 Qf6 24. Bc5 Rd8 25. Qe3 Bb7 26. Be7 1-0